Expresión creativa y desarrollo humano: una propuesta metodológica para la animación socio cultural
שמור ב:
| מחבר ראשי: | |
|---|---|
| פורמט: | ספר |
| שפה: | ספרדית |
| יצא לאור: |
Santiago
Eds. Documentas
1988
|
| נושאים: | |
| תגים: |
הוספת תג
אין תגיות, היה/י הראשונ/ה לתייג את הרשומה!
|
MARC
| LEADER | 00000nam a2200000 a 4500 | ||
|---|---|---|---|
| 001 | UCW5656 | ||
| 003 | CL-VaPUC | ||
| 008 | 910717e19880000CL |||||||||||||||||spa|d | ||
| 082 | 0 | 4 | |a 302.3 |b DIA |2 21 |
| 100 | 0 | |a Díaz Herrera, Fernando |e author |9 310622 | |
| 245 | 1 | 0 | |a Expresión creativa y desarrollo humano: una propuesta metodológica para la animación socio cultural |
| 300 | |a 302 p | ||
| 942 | |c BK | ||
| 945 | |d 19910717 00:00:00 |a mfernand | ||
| 260 | |a Santiago |b Eds. Documentas |c 1988 | ||
| 650 | 0 | |a Dinámica de grupos |9 259862 | |
| 583 | |a last modification |c 19910717 00:00:00 |k Rodrigo Vera | ||
| 999 | |c 219009 |d 219007 | ||
| 952 | |0 0 |1 0 |4 0 |6 302_300000000000000_DIA_1988 |7 0 |8 A |9 209439 |a BIBGIM |b BIBGIM |d 2019-11-15 |i 2773104 |o 302.3 DIA 1988 |p 2773104 |r 2025-01-15 |w 2019-11-15 |y BK |k SSL | ||
| 952 | |0 0 |1 0 |4 0 |6 302_300000000000000_DIA_1988 |7 0 |8 A |9 209440 |a BIBEDU |b BIBEDU |d 2019-11-15 |i 2773112 |o 302.3 DIA 1988 |p 2773112 |r 2019-11-15 |w 2019-11-15 |y BK |k EDU | ||
| 952 | |0 0 |1 0 |4 0 |6 302_300000000000000_DIA_1988 |7 0 |8 A |9 209441 |a BIBEDU |b BIBEDU |d 2019-11-15 |i 2773120 |o 302.3 DIA 1988 |p 2773120 |r 2019-11-15 |w 2019-11-15 |y BK |k EDU | ||